駅名が「新」ではじまる駅 - Statistics

General Stats
  • This quiz has been taken 261 times
  • The average score is 92 of 234
Answer Stats
Hint Answer % Correct
新宿区 新宿
89%
大阪市 新大阪
84%
北斗市 新函館北斗
83%
青森市 新青森
80%
横浜市 新横浜
78%
神戸市 新神戸
78%
伊予市 | 札幌市 | 桐生市 | 豊橋市 新川
77%
松戸市 新松戸
75%
浦安市 新浦安
75%
花巻市 新花巻
74%
新宿区 新宿三丁目
74%
新潟市 新潟
74%
千歳市 新千歳空港
73%
港区 新橋
73%
札幌市 新札幌
71%
新庄市 新庄
71%
新座市 新座
71%
習志野市 新習志野
70%
倉敷市 新倉敷
70%
下関市 新下関
70%
前橋市 新前橋
69%
千葉市 新千葉
68%
高岡市 新高岡
68%
山口市 新山口
68%
伊達市 | 宇治市 | 登米市 | 草加市 新田
67%
所沢市 新所沢
67%
三郷市 新三郷
67%
越谷市 新越谷
66%
柏市 新柏
66%
鎌ケ谷市 新鎌ヶ谷
66%
八代市 新八代
66%
船橋市 新船橋
65%
川崎市 新川崎
65%
水俣市 新水俣
65%
栃木市 新栃木
64%
白岡市 新白岡
64%
静岡市 新静岡
64%
高島市 新旭
64%
新宮市 新宮
64%
中野区 新中野
63%
新潟市 新津
63%
熊野市 新鹿
63%
新見市 新見
63%
札幌市 新さっぽろ
61%
旭川市 新旭川
61%
釧路市 新富士
61%
西郷村 新白河
61%
小平市 新小平
61%
横浜市 新羽
61%
鳥栖市 新鳥栖
61%
新得町 新得
60%
狭山市 新狭山
60%
我孫子市 | 高知市 新木
60%
新発田市 新発田
60%
新城市 新城
60%
伊賀市 新居
60%
守谷市 新守谷
59%
夕張市 新夕張
58%
鹿沼市 新鹿沼
58%
新宿区 新大久保
58%
松田町 新松田
58%
大村市 新大村
58%
桐生市 新桐生
57%
板橋区 新板橋
57%
浜松市 新浜松
57%
三田市 新三田
57%
取手市 新取手
56%
伊勢崎市 新伊勢崎
56%
妙高市 | 朝来市 新井
56%
茂原市 新茂原
55%
新宿区 新宿御苑前
55%
利府町 新利府
54%
羽島市 新羽島
54%
安城市 新安城
54%
新地町 新地
53%
鉾田市 新鉾田
53%
新宿区 新宿西口
53%
小金井市 新小金井
53%
豊田市 新豊田
53%
呉市 新広
53%
新居浜市 新居浜
53%
黒部市 新黒部
51%
江東区 新木場
50%
可児市 新可児
50%
豊橋市 新豊橋
50%
魚津市 新魚津
49%
福井市 新福井
49%
瀬戸市 新瀬戸
49%
中央区 新日本橋
47%
静岡市 新清水
47%
伊丹市 新伊丹
47%
熊本市 | 高崎市 新町
46%
王寺町 新王寺
46%
千代田区 新御茶ノ水
44%
飯塚市 新飯塚
44%
習志野市 新津田沼
43%
台東区 新御徒町
43%
京田辺市 新田辺
43%
大阪市 新今宮
43%
杉並区 新高円寺
42%
新潟市 新潟大学前
42%
奈良市 新大宮
41%
横浜市 新高島
40%
神戸市 新長田
40%
葛飾区 新小岩
39%
清須市 新清洲
39%
品川区 新馬場
37%
東村山市 新秋津
37%
西脇市 新西脇
37%
文京区 新大塚
36%
広島市 新白島
36%
横浜市 新子安
35%
湖西市 新所原
34%
松戸市 新八柱
33%
板橋区 新高島平
33%
島田市 新金谷
33%
大阪市 新福島
33%
中央区 | 富山市 新富町
32%
川崎市 新百合ヶ丘
32%
新宮町 新宮中央
32%
各務原市 新鵜沼
31%
横浜市 新杉田
30%
横須賀市 新大津
30%
札幌市 新琴似
29%
日光市 新藤原
29%
江東区 新豊洲
29%
敦賀市 新疋田
29%
精華町 新祝園
29%
荒川区 新三河島
28%
湖西市 新居町
27%
周南市 新南陽
27%
練馬区 新桜台
26%
川崎市 新丸子
26%
富山市 新富山口
26%
大阪市 新加美
26%
神河町 | 阿南市 新野
26%
川越市 新河岸
25%
千葉市 新検見川
25%
世田谷区 新代田
25%
横浜市 新綱島
25%
金沢市 新西金沢
25%
加須市 新古河
24%
名古屋市 新守山
24%
名古屋市 | 大牟田市 新栄町
24%
釧路市 新大楽毛
23%
川口市 新井宿
23%
新見市 | 羽生市 新郷
23%
葛飾区 新柴又
23%
松本市 新島々
23%
堺市 新金岡
23%
神戸市 新開地
23%
中野区 新江古田
22%
韮崎市 新府
22%
静岡市 新蒲原
22%
一宮市 新木曽川
22%
東大阪市 新石切
22%
熊本市 新水前寺
22%
東近江市 新八日市
21%
会津美里町 新鶴
20%
大田区 新整備場
20%
松本市 新村
20%
各務原市 新那加
20%
大洲市 新谷
20%
前橋市 | 秋田市 新屋
19%
日光市 新高徳
19%
中野区 新井薬師前
19%
知多市 新舞子
19%
清須市 新川橋
19%
栃木市 新大平下
18%
広島市 新井口
18%
須恵町 新原
18%
函館市 | 碧南市 新川町
17%
筑西市 新治
17%
豊田市 新上挙母
17%
泉南市 新家
17%
横浜市 新芝浦
16%
名古屋市 新瑞橋
16%
大阪市 新森古市
16%
行橋市 新田原
16%
浦幌町 新吉野
15%
新宿区 新線新宿
15%
豊島区 新庚申塚
15%
東海市 新日鉄前
15%
新潟市 新崎
13%
小浜市 新平野
13%
大阪市 新深江
13%
福山市 新市
13%
熊本市 新水前寺駅前
13%
弘前市 | 桐生市 新里
12%
宮古市 新田老
12%
各務原市 新加納
11%
橿原市 新ノ口
11%
富山市 新庄田中
10%
上市町 新相ノ木
10%
長崎市 新地中華街
10%
札幌市 新道東
9%
いすみ市 新田野
9%
高岡市 新能町
9%
上市町 新宮川
9%
福井市 新田塚
9%
四日市市 新正
9%
神戸市 新在家
9%
一関市 新月
8%
伊賀市 新堂
8%
大阪市 新今宮駅前
8%
香美市 新改
8%
直方市 新入
8%
岡山市 新西大寺町筋
7%
長崎市 新中川町
7%
長崎市 新大工町
7%
合志市 新須屋
7%
高岡市 新吉久
6%
射水市 新町口
6%
多良木町 新鶴羽
6%
新潟市 新関
5%
みやこ町 新豊津
5%
北九州市 新木屋瀬
4%
鹿児島市 新屋敷
4%
No matching quizzes found
Score Distribution
Percent of People with Each Score
Percentile by Number Answered
Your Score History
You have not taken this quiz